[Event "CYP-ch op"]
[Site "Nikosia"]
[Date "2021.06.20"]
[Round "6"]
[White "Isaakidis, Alexandros"]
[Black "Damianou, Ioannis"]
[Result "1-0"]
[WhiteElo "2209"]
[BlackElo "2154"]
[PlyCount "65"]
[EventDate "2021.06.11"]
[EventType "swiss"]
[EventRounds "7"]
[EventCountry "CYP"]
[SourceTitle "EXT 2023"]
[Source "ChessBase"]
[SourceDate "2022.10.05"]
[SourceVersion "1"]
[SourceVersionDate "2022.10.05"]
[SourceQuality "1"]

1. e4 e5 2. Nf3 d6 3. d4 exd4 4. Nxd4 Nf6 5. Nc3 Be7 6. Bf4 0-0 7. Qd2 a6 8. 0-0-0 b5 9. f3 Re8 10. g4 Bb7 11. Nf5 Nbd7 12. g5 Nh5 13. Be3 b4 14. Nd5 Bxd5 15. exd5 Bf8 16. Ng3 Nxg3 17. hxg3 g6 18. Bd4 Bg7 19. Bxg7 Kxg7 20. f4 Qe7 21. Bh3 Nc5 22. Rde1 Qf8 23. Qxb4 f5 24. Bg2 h5 25. gxh6+ Kh7 26. Qa5 Qf7 27. Qc3 Rab8 28. b3 a5 29. Qxa5 Ra8 30. Qc3 Reb8 31. a4 Nxa4 32. bxa4 Rxa4 33. Qg7+ 1-0

[Event "CYP-ch op"]
[Site "Nikosia"]
[Date "2021.06.13"]
[Round "4"]
[White "Regginos, Demetris"]
[Black "Isaakidis, Alexandros"]
[Result "0-1"]
[WhiteElo "1673"]
[BlackElo "2209"]
[PlyCount "82"]
[EventDate "2021.06.11"]
[EventType "swiss"]
[EventRounds "7"]
[EventCountry "CYP"]
[SourceTitle "EXT 2023"]
[Source "ChessBase"]
[SourceDate "2022.10.05"]
[SourceVersion "1"]
[SourceVersionDate "2022.10.05"]
[SourceQuality "1"]

1. e4 c5 2. c3 g6 3. d4 cxd4 4. cxd4 d5 5. e5 Nc6 6. Nc3 Bg7 7. Bb5 Nh6 8. Nf3 Bg4 9. h3 Bxf3 10. Qxf3 Nf5 11. Be3 0-0 12. Rd1 Qb6 13. Bxc6 bxc6 14. g4 Nxe3 15. Qxe3 f6 16. 0-0 fxe5 17. dxe5 Qxe3 18. fxe3 Bxe5 19. Na4 Bd6 20. Rc1 Rxf1+ 21. Kxf1 Rc8 22. Nc5 Bxc5 23. Rxc5 Kf7 24. b4 Ke6 25. Ke2 Kd6 26. e4 Rb8 27. a3 Rb5 28. Rc1 a5 29. exd5 cxd5 30. Rc8 axb4 31. axb4 Rxb4 32. Rh8 d4 33. Rxh7 e5 34. Rh6 Rb2+ 35. Kd1 d3 36. Rxg6+ Kd5 37. g5 e4 38. Rg8 e3 39. Rd8+ Ke4 40. Re8+ Kf4 41. Rf8+ Kxg5 0-1

[Event "CYP-ch op"]
[Site "Nikosia"]
[Date "2021.06.12"]
[Round "2"]
[White "Markidou, Christianna"]
[Black "Isaakidis, Alexandros"]
[Result "1/2-1/2"]
[WhiteElo "1755"]
[BlackElo "2209"]
[PlyCount "92"]
[EventDate "2021.06.11"]
[EventType "swiss"]
[EventRounds "7"]
[EventCountry "CYP"]
[SourceTitle "EXT 2023"]
[Source "ChessBase"]
[SourceDate "2022.10.05"]
[SourceVersion "1"]
[SourceVersionDate "2022.10.05"]
[SourceQuality "1"]

1. e4 e5 2. Nf3 Nc6 3. Nc3 Nf6 4. d4 exd4 5. Nxd4 Bb4 6. Nxc6 bxc6 7. Bd3 0-0 8. 0-0 d5 9. Bg5 Bxc3 10. bxc3 dxe4 11. Bxf6 Qxf6 12. Bxe4 Qxc3 13. Qd3 Qc5 14. Bxh7+ Kh8 15. Be4 Be6 16. Qg3 f5 17. Bd3 Rf6 18. Qxc7 f4 19. Rfe1 Rc8 20. Qe5 Qxe5 21. Rxe5 c5 22. Rae1 c4 23. Bf1 Bf7 24. Re7 Bg6 25. Rxa7 c3 26. Rc1 Rb6 27. Ra6 Rcc6 28. Rxb6 Rxb6 29. Bc4 f3 30. gxf3 Rb4 31. Bd5 Rd4 32. Be4 Bf7 33. a3 g5 34. h3 Ra4 35. Ra1 Kg7 36. Bc6 Ra6 37. Bb5 Rb6 38. a4 Bd5 39. Ra3 Bxf3 40. Rxc3 Ba8 41. Rc8 Be4 42. c4 Rd6 43. Re8 Rd1+ 44. Kh2 Rh1+ 45. Kg3 Rg1+ 46. Kh2 Rh1+ 1/2-1/2

[Event "Online Olym Base C"]
[Site "Chess.com INT"]
[Date "2020.07.25"]
[Round "3.2"]
[White "Isaakidis, Alexandros"]
[Black "Sabar, Ethmane Daouda"]
[Result "1-0"]
[WhiteElo "2211"]
[BlackElo "2040"]
[PlyCount "57"]
[EventDate "2020.07.25"]
[EventType "team-tourn (rapid)"]
[EventRounds "9"]
[EventCountry "USA"]
[SourceTitle "CBM 198"]
[Source "ChessBase"]
[SourceDate "2020.10.31"]
[SourceVersion "1"]
[SourceVersionDate "2020.10.31"]
[SourceQuality "1"]
[WhiteTeam "Cyprus"]
[BlackTeam "Mauritania"]
[WhiteTeamCountry "CYP"]
[BlackTeamCountry "MAU"]

1. e4 c5 2. Nc3 Nc6 3. Bb5 g6 4. Bxc6 dxc6 5. f4 Bg7 6. Nf3 c4 7. a4 Rb8 8. Qe2 Be6 9. Ng5 Qd7 10. 0-0 b5 11. axb5 cxb5 12. Nxe6 Qxe6 13. Nd5 Rc8 14. d3 Nf6 15. f5 gxf5 16. Rxf5 Nxd5 17. Rxd5 0-0 18. Rxb5 cxd3 19. cxd3 Qc6 20. Rg5 Kh8 21. h3 Bh6 22. Qh5 Bxg5 23. Qxg5 Qc5+ 24. Qxc5 Rxc5 25. Be3 Rc2 26. Rxa7 e5 27. Rb7 Rd8 28. Bg5 Rc6 29. Bxd8 1-0

[Event "Online Olym Base C"]
[Site "Chess.com INT"]
[Date "2020.07.25"]
[Round "2.5"]
[White "Young, Christopher1111"]
[Black "Isaakidis, Alexandros"]
[Result "0-1"]
[WhiteElo "1990"]
[BlackElo "2211"]
[PlyCount "52"]
[EventDate "2020.07.25"]
[EventType "team-tourn (rapid)"]
[EventRounds "9"]
[EventCountry "USA"]
[SourceTitle "CBM 198"]
[Source "ChessBase"]
[SourceDate "2020.10.31"]
[SourceVersion "1"]
[SourceVersionDate "2020.10.31"]
[SourceQuality "1"]
[WhiteTeam "Cayman Islands"]
[BlackTeam "Cyprus"]
[WhiteTeamCountry "CAY"]
[BlackTeamCountry "CYP"]

1. d4 Nf6 2. c4 c5 3. d5 e6 4. Nc3 exd5 5. cxd5 d6 6. e4 g6 7. f4 Bg7 8. Bb5+ Nfd7 9. Nf3 0-0 10. 0-0 a6 11. Bd3 b5 12. Re1 c4 13. Bc2 Nc5 14. h3 Re8 15. e5 Nd3 16. Bxd3 cxd3 17. g4 dxe5 18. fxe5 b4 19. Bg5 Qb6+ 20. Be3 Qa5 21. Ne4 Qxd5 22. Nf6+ Bxf6 23. exf6 Bb7 24. Kf2 Nd7 25. g5 Ne5 26. Nh4 d2 0-1

[Event "Belgrade Radnicki"]
[Site "Belgrade"]
[Date "2019.12.11"]
[Round "9"]
[White "Ivanovic, Marko"]
[Black "Isaakidis, Alexandros"]
[Result "1/2-1/2"]
[WhiteElo "2221"]
[BlackElo "2211"]
[PlyCount "106"]
[EventDate "2019.12.03"]
[EventType "tourn"]
[EventRounds "9"]
[EventCountry "SRB"]
[SourceTitle "CBM 193 Extra"]
[Source "ChessBase"]
[SourceDate "2020.01.31"]
[SourceVersion "1"]
[SourceVersionDate "2020.01.31"]
[SourceQuality "1"]

1. d4 Nf6 2. Bg5 Ne4 3. Bf4 c5 4. f3 Nf6 5. d5 d6 6. e4 g6 7. Ne2 Bg7 8. Nd2 0-0 9. Nc3 e5 10. Be3 Nh5 11. Nc4 f5 12. Qd2 a6 13. a4 Qc7 14. Be2 Nd7 15. a5 Ndf6 16. 0-0-0 fxe4 17. Nxe4 Nxe4 18. fxe4 Nf6 19. Bf3 Bg4 20. Bxg4 Nxg4 21. Qe2 Nxe3 22. Qxe3 Qe7 23. g3 Rf6 24. Rdf1 Raf8 25. Qe2 h5 26. Kd1 Bh6 27. Ke1 Rxf1+ 28. Rxf1 Qg5 29. Rxf8+ Bxf8 30. Kf2 Be7 31. Qe3 Qg4 32. Qf3 Qd7 33. b3 Kg7 34. Kg2 Bf6 35. h3 Qe7 36. c3 Qd7 37. Qd1 Be7 38. b4 cxb4 39. cxb4 Qc8 40. Qc2 Bd8 41. Na3 Qd7 42. Qb3 Bc7 43. Qc4 Qe7 44. b5 axb5 45. Qxb5 Qg5 46. Nc4 Qc1 47. Qd7+ Kh6 48. Qxc7 Qc2+ 49. Kf3 Qc3+ 50. Kf2 Qc2+ 51. Ke3 Qc3+ 52. Ke2 Qc2+ 53. Kf3 Qc3+ 1/2-1/2

[Event "Belgrade Radnicki"]
[Site "Belgrade"]
[Date "2019.12.05"]
[Round "3"]
[White "Isaakidis, Alexandros"]
[Black "Brankovic, Vladislav"]
[Result "1/2-1/2"]
[WhiteElo "2211"]
[BlackElo "2231"]
[PlyCount "75"]
[EventDate "2019.12.03"]
[EventType "tourn"]
[EventRounds "9"]
[EventCountry "SRB"]
[SourceTitle "CBM 193 Extra"]
[Source "ChessBase"]
[SourceDate "2020.01.31"]
[SourceVersion "1"]
[SourceVersionDate "2020.01.31"]
[SourceQuality "1"]

1. e4 c6 2. d4 d5 3. e5 Bf5 4. h4 h5 5. Bd3 Bxd3 6. Qxd3 e6 7. Bg5 Qb6 8. Nd2 Qa6 9. c4 Bb4 10. b3 Nd7 11. Ngf3 Nh6 12. 0-0 Nf5 13. Qc2 Bxd2 14. Bxd2 dxc4 15. bxc4 Nb6 16. Rac1 0-0 17. Bb4 Rfd8 18. Bd6 Rac8 19. Rfd1 Na4 20. c5 b5 21. Qb3 Qa5 22. Ng5 Re8 23. a3 g6 24. Ne4 Kg7 25. g3 Red8 26. Rd3 Rd7 27. Nd2 Rb7 28. Nc4 bxc4 29. Qxb7 cxd3 30. Qxc8 Nxd6 31. exd6 d2 32. Rb1 Nb2 33. Qxc6 d1Q+ 34. Rxd1 Nxd1 35. Qe4 Qd2 36. Qe5+ f6 37. Qxe6 Qxf2+ 38. Kh1 1/2-1/2

[Event "Cyprus op 1st"]
[Site "Larnaka"]
[Date "2019.11.02"]
[Round "9"]
[White "Alsan, Ahmet"]
[Black "Isaakidis, Alexandros"]
[Result "0-1"]
[WhiteElo "1447"]
[BlackElo "2219"]
[PlyCount "106"]
[EventDate "2019.10.25"]
[EventType "swiss"]
[EventRounds "9"]
[EventCountry "CYP"]
[SourceTitle "CBM 192 Extra"]
[Source "Chessbase"]
[SourceDate "2019.11.06"]
[SourceVersion "1"]
[SourceVersionDate "2019.11.06"]
[SourceQuality "1"]

1. e4 c5 2. Nf3 g6 3. d4 cxd4 4. Nxd4 Bg7 5. Nc3 Nc6 6. Be3 Nf6 7. Nxc6 bxc6 8. Be2 0-0 9. 0-0 d5 10. exd5 Nxd5 11. Nxd5 cxd5 12. c3 Rb8 13. Qd2 Qa5 14. a3 d4 15. Bxd4 Bxd4 16. b4 Bxc3 17. Qxc3 Qb6 18. Bf3 Ba6 19. Rfe1 e6 20. h4 Rbc8 21. Qf6 Rc2 22. Bd1 Rd2 23. Re4 Qd8 24. Qxd8 Rfxd8 25. Ba4 Rc8 26. Re3 Kf8 27. Re5 Be2 28. Re1 Bd3 29. Rc5 Rxc5 30. bxc5 Ra2 31. Rc1 Rxa3 32. Bc6 Rb3 33. Kh2 Rb2 34. Rc3 Bf5 35. Ba4 Rb4 36. Bd7 Rb7 37. c6 Rc7 38. Rb3 Be4 39. Rb7 Rxb7 40. cxb7 Bxb7 41. g3 Ke7 42. Ba4 Kd6 43. g4 Bc6 44. Bb3 a5 45. Kg3 a4 46. Ba2 a3 47. Kf4 Bd5 48. Bb1 f6 49. g5 e5+ 50. Ke3 fxg5 51. hxg5 a2 52. Bxa2 Bxa2 53. f4 Bd5 0-1